000 00606cam a22002053a 4500
001 35524
003 PGUSA
005 20140828083750.0
008 110308s2011||||xxu|||||s|||||000 | eng d
040 _aPGUSA
_beng
042 _adc
245 1 0 _aContemporary Belgian Poetry :
_bSelected and Translated by Jethro Bithell
_h[electronic resource]
260 _bProject Gutenberg,
_c2011
506 _aPublic domain in the USA.
516 _aElectronic text
700 1 _aBithell, Jethro,
_d1878-1962
830 0 _aProject Gutenberg
_v35524
856 4 0 _uhttp://www.gutenberg.org/ebooks/35524
942 _cEB
999 _c264779
_d264779